LEADER 01111nam0 22003133i 450 001 TO01447113 005 20231121125845.0 100 $a20181015d1956 ||||0itac50 ba 101 | $afre 102 $afr 181 1$6z01$ai $bxxxe 182 1$6z01$an 200 1 $aFlaubert par lui-meme$fimages et textes presentes par La Varende 210 $aParis$cSeuil$dstampa 1956 215 $a191 p.$cill.$d18 cm. 225 | $aÉcrivains de toujours 410 0$1001RAV0113030$12001 $aÉcrivains de toujours 700 1$aFlaubert$b, Gustave$3CFIV000314$4070$0142392 702 1$aLa Varende$b, Jean : de$3SBLV008457 790 0$aPhl?mper$3PUVV339410$zFlaubert, Gustave 790 0$aFlober$3PUVV339411$zFlaubert, Gustave 801 3$aIT$bIT-01$c20181015 850 $aIT-FR0017 899 $aBiblioteca umanistica Giorgio Aprea$bFR0017 912 $aTO01447113 950 0$aBiblioteca umanistica Giorgio Aprea$d 52MAG 15/206$e 52DUP0009012285 VMN RS $fA $h20181015$i20181015 977 $a 52 996 $aFlaubert par lui-même$9946367 997 $aUNICAS LEADER 00816nam 2200277 450 001 996688073003316 005 20260221191905.0 100 $a20251124d1980----km y0itay5003 ba 101 0 $aita 102 $aIT 105 $ay 00 y 200 1 $aAllitterazione intensive in Lucrezio$fC. Petruzziello 210 $aNapoli$cLoffredo$d[1980] 215 $a[301]-317 p.$d25 cm 300 $aTitolo della copertina 300 $aEstratto da: Vichiana, nuova serie, anno 9, fasc. 3 (1980) 606 0 $aAllitterazioni$2BNCF 676 $a808.032 700 1$aPETRUZZIELLO,$bCarla$01857055 801 0$aIT$bcba$gREICAT 912 $a996688073003316 951 $aXVI.7.Misc. 581$b587 FBUO$cXVI.7.Misc. 959 $aBK 969 $aFBUO 996 $aAllitterazione intensive in Lucrezio$94457585 997 $aUNISA